Statistiken für Bundesländer Österreichs Karten-Quiz

Klicken Sie hier um das Quiz zu spielen!

Allgemein

  • Dieses Quiz wurde 394 mal gespielt
  • Das Durchschnittsergebnis liegt bei 7 aus 9

Antworten auf der Karte

Die Antworten werden auf der Karte rot bzw. grün angezeigt, abhängig davon wie oft sie richtig erraten wurden.
 

Antwortstatistiken

Antwort% Korrekt
Wien
92%
Oberösterreich
83%
Salzburg
83%
Burgenland
82%
Niederösterreich
81%
Tirol
81%
Vorarlberg
79%
Steiermark
73%
Kärnten
69%

Verteilung der Resultate

Perzentil nach korrekt beantworteten Fragen

Anzahl Personen mit jedem Resultat

Ihre Resultats-Entwicklung

Sie haben dieses Quiz noch nicht gespielt